Chapter XII : Semi-intensive culturing in pertilized ponds

Guardat en:
Dades bibliogràfiques
Autor principal: Touchourt, Win
Format: Llibre
Idioma:Undetermined
Publicat: Belgium Laboratory of Aquaculture 1990
Matèries:
Etiquetes: Afegir etiqueta
Sense etiquetes, Sigues el primer a etiquetar aquest registre!
Thư viện lưu trữ: Trung tâm Học liệu Trường Đại học Cần Thơ
LEADER 00505nam a2200181Ia 4500
001 CTU_150071
008 210402s9999 xx 000 0 und d
082 |a 577.6 
082 |b T722 
100 |a Touchourt, Win 
245 0 |a Chapter XII : Semi-intensive culturing in pertilized ponds 
245 0 |c Win Touchourt 
260 |a Belgium 
260 |b Laboratory of Aquaculture 
260 |c 1990 
650 |a Aquatic ecology 
904 |i Giang 
980 |a Trung tâm Học liệu Trường Đại học Cần Thơ